000 00379nam a2200145Ia 4500
008 230917s9999||||xx |||||||||||||| ||und||
040 _e99313
_aMAIN
041 _aEnglish
082 _a361 M687W
100 _aMishra, Ramesh
245 0 _aWelfare state in crisis: social thought and social change
260 _aSussex
_bWheatsheaf
_c1984
300 _axiv, 208 p.
942 _cBK
999 _c45418
_d45418